| 000 | 01312nac a22003011i 4500 | ||
|---|---|---|---|
| 003 | EG-ScBUE | ||
| 005 | 20250709090441.0 | ||
| 008 | 250709t2000 enka f b 001 0 eng d | ||
| 020 | _a0471489948 (alk. paper) | ||
| 020 | _a9780471489948 | ||
| 040 |
_aEG-ScBUE _beng _erda _cEG-ScBUE _dEG-ScBUE |
||
| 082 | 0 | 4 |
_a541.393 _bHOD _222 |
| 100 | 1 |
_aHodnett, B. K., _eauthor. |
|
| 245 | 1 | 0 |
_aHeterogeneous catalytic oxidation : _bfundamental and technological aspects of the selective and total oxidation of organic compounds / _cB.K. Hodnett, Department of Chemical and Environmental Sciences and The Materials and Surface Science Institute, University of Limerick, Ireland. |
| 264 | 1 |
_aChichester ; _aNew York : _bJohn Wiley, _c[2000] |
|
| 264 | 4 | _cc2000 | |
| 300 |
_axii, 348 pages : _billustrations ; _c24 cm |
||
| 336 |
_2rdacontent _atext _btxt |
||
| 337 |
_aunmediated _2rdamedia _bn |
||
| 338 |
_avolume _bnc _2rdacarrier |
||
| 504 | _aIncludes bibliographical references and index. | ||
| 650 | 7 |
_aOxidation. _2BUEsh |
|
| 650 | 7 |
_aHeterogeneous catalysis. _2BUEsh |
|
| 655 | _vReading book | ||
| 856 | 4 | 2 |
_3Publisher description _uhttp://www.loc.gov/catdir/description/wiley034/99052447.html |
| 856 | 4 | 2 |
_3Table of Contents _uhttp://www.loc.gov/catdir/toc/onix05/99052447.html |
| 942 |
_cBB _2ddc |
||
| 999 |
_c5735 _d5735 |
||